000 00633nam a2200229Ia 4500
003 OSt
005 20220928101633.0
006 a|||||r|||| 00| 0
007 ta
008 220927b |||||||| |||| 00| 0 eng d
024 _a62226
037 _cTextual
040 _aSDCL
_cSDCL
_beng
041 _2eng
_aeng
082 _aDelta25x2,1, K7
100 _aSandilya
_9393051
245 0 _aSaraswati bhavana granthamala.Ed by baladeva Upadhyaya
260 _aVaranasi
_bDirector Research Institute
_c1967
300 _a106p
_ccm.
942 _hDelta25x2,1, K7
_cTEXL
_2CC
999 _c708717
_d708717